000 01104nam a2200253Ia 4500
008 100315s9999 xx 000 0 und d
020 _a0-07-058860-0 
040 _cENGLISH 
082 _b4726 
_a808.51 
100 _a"LEEDS , DOROTHY "
245 _a"POWER SPEAK : ENGAGE , INSPIRE & STIMULATE YOUR AUDIENCE ."
260 _aNEW DELHI 
_bTata McGraw - Hill  
_c2004 
300 _a286P 
365 _eRupees 
_d
_b156.00 
366 _f20 
505 _gDBH 
530 _bROYAL BOOK DISTRIBUTORS 8520/15-09-2004 
_a8520/15-09-2004 
536 _a01/04/2004-31/03/2005 
620 _a"GETTING READY TO BE A POWERFUL SPEAKER, HOW TO OVERCOME THE 6 MAJOR SPEAKING FAULTS, CONQUER THE TROUBLE SPOTS : THE BASIC - OPENINGS, TRANSATIONS, CONCLUSIONS, QUESTIONS AND ANSWERS, AND VISUAL AIDS, SPECIAL SPEAKING SITUATIONS, SUCCESS IS TURNING KNOWLEDGE INTO POSITIVE ACTION. "
630 _a"POWER SPEAK : ENGAGE , INSPIRE & STIMULATE YOUR AUDIENCE ."
650 _aCOMMUNICATION 
730 _a"POWER SPEAK : ENGAGE , INSPIRE & STIMULATE YOUR AUDIENCE ."
942 _cBOOK
999 _c479461
_d479458